|
|
|
|
| LEADER |
01121cam a2200289 7i4500 |
| 001 |
0000053950 |
| 005 |
20140709090000.0 |
| 008 |
090324s2006 my may |
| 020 |
# |
0 |
|a 9832888425
|
| 090 |
0 |
0 |
|a HD 4904.7
|b .A8 2006
|
| 100 |
1 |
# |
|a Asyraf Hj. Ab Rahman
|
| 245 |
1 |
0 |
|a Modal insan dan pembangunan masa kini
|c Asyraf Hj. Ab Rahman.
|
| 260 |
# |
# |
|a Terengganu:
|b Fakulti Pengurusan dan Ekonomi, KUSTEM,
|c 2006.
|
| 300 |
# |
# |
|a vii, 182 p.;
|c 25 cm..
|
| 490 |
0 |
0 |
|a Siri Fokus Minda 3, Disember 2006
|
| 590 |
# |
# |
|a Pusat Pengajian Pembangunan Sosial dan Ekonomi
|
| 650 |
0 |
0 |
|a Human Capital --
|x Religius aspect --
|z Malaysia
|
| 650 |
0 |
0 |
|a Human capital --
|z Malaysia
|
| 700 |
0 |
1 |
|a Fadzli Adam
|
| 700 |
0 |
1 |
|a Ruzaini Sulaiman
|
| 700 |
0 |
1 |
|a Syahrin Said
|
| 710 |
1 |
1 |
|a Kolej Universiti Sains Dan Teknologi Malaysia
|
| 999 |
|
|
|a 1100046446
|b Book
|c Open Shelf
|e KOLEKSI TERBUKA
|
| 999 |
|
|
|a 1100046447
|b Book
|c Open Shelf
|e KOLEKSI TERBUKA
|
| 999 |
|
|
|a 1100046448
|b Book
|c Open Shelf
|e KOLEKSI TERBUKA
|
| 999 |
|
|
|a 1100046449
|b Book
|c Open Shelf
|e KOLEKSI TERBUKA
|
| 999 |
|
|
|a 1100046450
|b Book
|c Open Shelf
|e KOLEKSI TERBUKA
|